Paddle steamers /

Saved in:
Bibliographic Details
Main Author: Cox, Bernard, 1929-
Format: Book
Language:English
Published: Poole [Eng.] : Blandford Press, c1979.
Subjects:
LEADER 00899nam a2200265 i 4500
001 c000044924
003 CARM
005 00000000000000.0
008 791126s1979 enka b 00110 eng
015 |a GB*** 
019 1 |a 1613639  |5 LACONCORD2021 
020 |a 0713709243 :  |c L.7.95 
035 |a (OCoLC)5891675  |5 LACONCORD2021 
050 0 0 |a HE566.P3  |b C69 
100 1 |a Cox, Bernard,  |d 1929- 
245 1 0 |a Paddle steamers /  |c Bernard Cox. 
260 |a Poole [Eng.] :  |b Blandford Press,  |c c1979. 
300 |a 223 p. :  |b ill. ;  |c 29 cm. 
500 |a Includes index. 
504 |a Bibliography: p. 220. 
650 0 |a Paddle steamers  |x History. 
852 8 |b CARM  |h A2:AD33C4  |i D01486  |p 0087475  |f BK 
082 0 4 |a 387.2/43 
999 f f |i 8e36c4e5-135c-54c2-bef6-bbf2b806f875  |s 8e41bc7a-a54a-5da7-82cc-bf4417610695 
952 f f |p Can circulate  |a CAVAL  |b CAVAL  |c CAVAL  |d CARM 1 Store  |e D01486  |f A2:AD33C4  |h Other scheme  |i book  |m 0087475